States that Repeat the Starting Letter - Statistics

General Stats
  • This quiz has been taken 39 times
  • The average score is 12 of 13
Answer Stats
Hint Answer % Correct
A Alabama
100%
A Arkansas
100%
G Georgia
100%
O Oklahoma
100%
I Illinois
97%
I Indiana
97%
K Kentucky
97%
O Ohio
97%
O Oregon
97%
A Alaska
91%
A Arizona
91%
C Connecticut
89%
N North Carolina
89%
No matching quizzes found
Score Distribution
Percent of People with Each Score
Percentile by Number Answered
Your Score History
You have not taken this quiz